Comparative politics : notes and readings (Record no. 39645)

MARC details
000 -LEADER
fixed length control field 00454nam a2200193Ia 4500
020 ## - INTERNATIONAL STANDARD BOOK NUMBER
ISBN 0534601308
050 ## - CALL MARK
Classification number JF 51 .C617/
100 ## - STATEMENT OF RESPONSIBILITY--MAIN AUTHOR NAME
Personal name Brown, E. Bernard
245 #0 - TITLE STATEMENT
Title Comparative politics : notes and readings
250 ## - EDITION / VOLUME STATEMENT
Edition / Volume statement 10th Ed.
260 ## - PUBLICATION, DISTRIBUTION, ETC. (IMPRINT)
Place of publication Belmont
260 ## - PUBLICATION, DISTRIBUTION, ETC. (IMPRINT)
Name of publisher Thomson Wadsworth
260 ## - PUBLICATION, DISTRIBUTION, ETC. (IMPRINT)
Year of publication 2006
300 ## - PHYSICAL DESCRIPTION
Number of Pages 417 p
650 ## - SUBJECT ADDED ENTRY--TOPICAL TERM
Topical Term Belmont
942 ## - ADDED ENTRY ELEMENTS (KOHA)
Koha item type Books
Holdings
Withdrawn status Lost status Source of classification or shelving scheme Damaged status Not for loan Permanent Location Current Location Shelving location Date acquired Accession Number Price effective from Koha item type
    Library of Congress Classification     NILE UNIVERSITY OF NIGERIA - MAIN LIBRARY NILE UNIVERSITY OF NIGERIA - MAIN LIBRARY Items on shelf 06/03/2025 0004489 06/03/2025 Books